• Raschitelli N., Mosconi P., Bosetti C., Banzi R., Pupillo E., Lucca U., Lugo A., Gallus S., Stival C

di Personal Name

Records bibliografici associati: 1

001 - CONTROL NUMBER

  • control field: 62637

003 - CONTROL NUMBER IDENTIFIER

  • control field:

005 - DATE AND TIME OF LATEST TRANSACTION

  • control field: 20250929121335.0

008 - FIXED-LENGTH DATA ELEMENTS

  • fixed length control field: 250929|| aca||aabn | a|a d

040 ## - CATALOGING SOURCE

  • Original cataloging agency:
  • Transcribing agency:

100 ## - HEADING--PERSONAL NAME

  • Personal name: Raschitelli N., Mosconi P., Bosetti C., Banzi R., Pupillo E., Lucca U., Lugo A., Gallus S., Stival C

670 ## - SOURCE DATA FOUND

  • Source citation: Work cat.: ()360633: Garattini Silvio (et al.) 62628, Vivere bene., 2024
CREDITS: SOCIETA' SAN PAOLO Via A.Severo, 58 - ROMA (RM) & PERIODICI SAN PAOLO SRL Via Giotto, 36 MILANO & CISF Via Giotto, 36 MILANO & EDIZIONI SAN PAOLO SRL,  Piazza Soncino, 5 CINISELLO BALSAMO (MI) -- ITALY